书目信息 |
| 题名: |
土耳其、格鲁吉亚、阿塞拜疆、亚美尼亚、塞浦路斯
|
|
| 作者: | 清华 编著 | |
| 分册: | ||
| 出版信息: | 北京 军事谊文出版社 1995.5 |
|
| 页数: | 185页 | |
| 开本: | 19cm | |
| 丛书名: | 世界各国知识丛书.亚洲卷 | |
| 单 册: | ||
| 中图分类: | Z1 | |
| 科图分类: | ||
| 主题词: | 丛书 | |
| 电子资源: | ||
| ISBN: | 7-80027-649-X | |
| 000 | 00670nam0 2200217 45 | |
| 001 | 0004191083 | |
| 005 | 20040519101526.4 | |
| 010 | @a7-80027-649-X@dCNY65.00 | |
| 100 | @a20000419d1995 km y0chiy0120 ea | |
| 101 | @achi | |
| 105 | @a z 000yy | |
| 200 | 1 | @a土耳其、格鲁吉亚、阿塞拜疆、亚美尼亚、塞浦路斯@ATu Er Qi、Ge Lu Ji Ya、A Sai Bai Jiang、Ya Mei Ni Ya、Sai Pu Lu Si@f清华编著 |
| 210 | @a北京@c军事谊文出版社@d1995.5 | |
| 215 | @a185页@d19cm | |
| 225 | @a世界各国知识丛书.亚洲卷 | |
| 410 | @12001 @a世界各国知识丛书.亚洲卷 | |
| 606 | 0 | @a丛书 |
| 690 | @aZ1@v1 | |
| 701 | @a清华@4编著 | |
| 801 | @aCN@bTSTC@c20000419 | |
| 905 | @dZ1@e56:1(9)@f2@b287908-909 | |
| 土耳其、格鲁吉亚、阿塞拜疆、亚美尼亚、塞浦路斯/清华编著.-北京:军事谊文出版社,1995.5 |
| 185页;19cm.-(世界各国知识丛书.亚洲卷) |
| ISBN 7-80027-649-X:CNY65.00 |
| ● |
| 相关链接 |
|
|
|
|
正题名:土耳其、格鲁吉亚、阿塞拜疆、亚美尼亚、塞浦路斯
索取号:Z1/56:1(9)
 
预约/预借
| 序号 | 登录号 | 条形码 | 馆藏地/架位号 | 状态 | 备注 |
| 1 | 0287908 | 002879086 | 第三借阅区/ [索取号:Z1/56:1(9)] | 在馆 | |
| 2 | 0287909 | 002879095 | 第三借阅区/ [索取号:Z1/56:1(9)] | 在馆 | |
| 3 | 0287910 | 002879102 | 第二样本阅览室/ [索取号:Z1/56:1(9)] | 在馆 |